Score 0/13 Timer 01:00
7 Plays Today
% Correct
Sender's name
94.4%
Recipient's name
94.1%
Recipient's street address
93.4%
Recipient's postal code
93.2%
Recipient's country
93%
Sender's street address
92.8%
Sender's postal code
92.7%
Sender's
city
92.4%
Postmark
91.9%
Sender's country
91.7%
Recipient's city
91.4%
Stamp
86.9%
Sender's state
85.1%
Remove Ads.
Support Sporcle.
Get the best of Sporcle when you Go Orange. This ad-free experience offers more features, more stats, and more fun while also helping to support Sporcle. Thank you for becoming a member.

You're not logged in!

Compare scores with friends on all Sporcle quizzes.
OR
Log In

Show Comments

Extras

Top Quizzes Today


Score Distribution

Your Account Isn't Verified!

In order to create a playlist on Sporcle, you need to verify the email address you used during registration. Go to your Sporcle Settings to finish the process.

Report this User

Report this user for behavior that violates our Community Guidelines.

Details: